High yield sawmilling of rubberwood logs manufacture of up-market parquet flooring (Record no. 48209)

MARC details
000 -LEADER
fixed length control field 00481nam a2200121Ia 4500
100 ## - MAIN ENTRY--AUTHOR NAME
Personal name Zafar A
245 #0 - TITLE STATEMENT
Title High yield sawmilling of rubberwood logs manufacture of up-market parquet flooring
260 ## - PUBLICATION, DISTRIBUTION, ETC. (IMPRINT)
Name of publisher In: Proceedings of the Global Forum on Investment Opportunities in the Indian Rubberwood Industry, 19-21 March 1996, Cochin, India, 1996, pp.171-181
Year of publication 1996
650 ## - SUBJECT ADDED ENTRY--TOPICAL TERM
Topical Term Parquet flooring
650 ## - SUBJECT ADDED ENTRY--TOPICAL TERM
Topical Term Rubberwood
942 ## - ADDED ENTRY ELEMENTS (KOHA)
Koha item type Bibliography RLWO
Holdings
Withdrawn status Lost status Damaged status Not for loan Home library Current library Date acquired Koha item type
      Bibliography RRII Library RRII Library 31/12/2021 Bibliography RLWO